000 00594nam a2200169 i 4500
001 93567
003 ES-MaACL
005 20250907063054.0
007 t|
008 050414s1914 po ||||1| por d
100 1 _aLopes-Vieira, Affonso,
_d1878-1947
_973293
245 1 2 _aA poesia dos paineis de S. Vicente
_b: conferencia rializada no Museu Nacional de Arte Antiga de Lisboaaos 26 de dezembro de 1914 /
_cAffonso Lopes Vieira.
260 _aLisboa :
_bEdiƧao dos "Amigos" do Museu,
_c1914.
300 _a39 p. ;
_c26 cm.
852 _aES-MaACL
_j1500-F-2
999 _c93567
_d93567